[Event "Toronto-ch Reserves"]
[Site "Toronto CAN"]
[Date "2000.03.08"]
[Round "11"]
[White "Gebhardt, David"]
[Black "Haziprodromu, Sam"]
[Result "1/2-1/2"]
[WhiteElo "1923"]
[BlackElo "2040"]
[PlyCount "100"]
[GameId "2160767911741433"]
[EventDate "2000.02.09"]
[EventType "tourn"]
[EventRounds "11"]
[EventCountry "CAN"]

1. e4 e5 2. Nf3 Nc6 3. Nc3 Bc5 4. Nxe5 Nxe5 5. d4 Bb4 6. dxe5 Qh4 7. Qf3 c6 8. Bd2 Bxc3 9. Bxc3 Ne7 10. g3 Qg5 11. h4 Qg6 12. Bc4 O-O 13. Bb4 d5 14. exd6 Bg4 15. Qf4 Nd5 16. exd5 Rfe8+ 17. Kf1 Re4 18. Qd2 Rxc4 19. Re1 Rxc2 20. Qe3 h5 21. dxc6 bxc6 22. Ba3 Qf5 23. Rh2 c5 24. Kg1 Qd5 25. f3 Rxh2 26. Kxh2 Be6 27. Qe4 Qxe4 28. Rxe4 Rb8 29. b3 Rc8 30. g4 hxg4 31. fxg4 Rc6 32. Kg3 Rxd6 33. Bxc5 Rd2 34. Bxa7 Rxa2 35. Ra4 Rb2 36. Rb4 Rb1 37. Bc5 Kh7 38. h5 Rd1 39. Rd4 Rg1+ 40. Kf3 Bxb3 41. Rb4 Bd1+ 42. Kf2 Rxg4 43. Rxg4 Bxg4 44. Kg3 Bxh5 45. Be3 Bd1 46. Bf4 Kg6 47. Be3 Kf5 48. Bd2 g5 49. Be3 Ba4 50. Bc1 Bc6 1/2-1/2

[Event "Toronto-ch Reserves"]
[Site "Toronto CAN"]
[Date "2000.03.08"]
[Round "11"]
[White "Mitrovic, Bojana"]
[Black "Stoltefuss, Rolf"]
[Result "1-0"]
[WhiteElo "1992"]
[BlackElo "1936"]
[PlyCount "49"]
[GameId "2160767911741434"]
[EventDate "2000.02.09"]
[EventType "tourn"]
[EventRounds "11"]
[EventCountry "CAN"]

1. Nf3 Nf6 2. g3 g6 3. Bg2 Bg7 4. d4 O-O 5. O-O d6 6. c4 Nbd7 7. Nc3 e5 8. e4 exd4 9. Nxd4 Nc5 10. h3 Re8 11. Re1 a5 12. Qc2 Nfxe4 13. Nxe4 Bxd4 14. Bg5 Qd7 15. Nf6+ Bxf6 16. Bxf6 Re6 17. Qc3 Na4 18. Qd4 c5 19. Qf4 Qe8 20. Rxe6 fxe6 21. Qxd6 Qf8 22. Qf4 Bd7 23. Rd1 Bc6 24. Bxc6 bxc6 25. Rd7 1-0

[Event "Toronto-ch Reserves"]
[Site "Toronto CAN"]
[Date "2000.03.08"]
[Round "11"]
[White "Richardson, Ross"]
[Black "De Castro, Dan"]
[Result "0-1"]
[WhiteElo "1872"]
[BlackElo "1867"]
[PlyCount "40"]
[GameId "2160767911741435"]
[EventDate "2000.02.09"]
[EventType "tourn"]
[EventRounds "11"]
[EventCountry "CAN"]

1. d4 Nf6 2. Nf3 e6 3. g3 b6 4. Bg2 Bb7 5. O-O Be7 6. c4 d5 7. Nc3 O-O 8. b3 c5 9. dxc5 Bxc5 10. cxd5 Nxd5 11. Nxd5 Bxd5 12. Bb2 Nd7 13. Qd2 Nf6 14. Rfd1 Ne4 15. Qf4 Nxf2 16. Kf1 Nxd1 17. Rxd1 Qe7 18. e4 Bb7 19. Qg4 f5 20. exf5 Ba6+ 0-1

[Event "Toronto-ch+"]
[Site "Toronto CAN"]
[Date "2000.02.09"]
[Round "1"]
[White "Peredun, Andrew"]
[Black "Meng, Ang"]
[Result "1-0"]
[WhiteElo "2255"]
[BlackElo "2163"]
[PlyCount "181"]
[GameId "2160767911741436"]
[EventDate "2000.02.09"]
[EventType "tourn"]
[EventRounds "2"]
[EventCountry "CAN"]

1. e4 d5 2. exd5 Qxd5 3. Nc3 Qa5 4. d4 e5 5. dxe5 Nc6 6. Bb5 Bd7 7. Nf3 Bb4 8. O-O O-O-O 9. Qe2 Nge7 10. Bg5 Rhe8 11. Ne4 h6 12. a3 hxg5 13. axb4 Qb6 14. Nexg5 Bg4 15. Bxc6 Nxc6 16. Nxf7 Nd4 17. Qe4 Nxf3+ 18. gxf3 Rd4 19. Qe3 Bh3 20. Rfd1 Qg6+ 21. Ng5 Rxd1+ 22. Rxd1 Kb8 23. f4 Bg4 24. Rd2 Bf5 25. c3 b6 26. b5 Bc8 27. f3 Qb1+ 28. Kg2 Qf5 29. Qe4 Qf8 30. e6 Qe7 31. Qe5 Rh8 32. Kg3 Rh6 33. h4 Rf6 34. f5 g6 35. fxg6 Rxg6 36. f4 Bxe6 37. Qd4 Bc8 38. Qe5 Qf8 39. Rf2 Qg8 40. f5 Rxg5+ 41. hxg5 Qxg5+ 42. Kf3 Bxf5 43. Qf4 Qh5+ 44. Ke3 Bc8 45. c4 Qc5+ 46. Qd4 Qg5+ 47. Kd3 Bf5+ 48. Kc3 Bc8 49. Rd2 a5 50. bxa6 Qa5+ 51. Kb3 Qxa6 52. Qd5 Qb7 53. Qxb7+ Kxb7 54. Kc3 c5 55. Rd6 Kc7 56. Rh6 Bf5 57. Kd2 Kb7 58. Rf6 Be4 59. Ke3 Bb1 60. Rf1 Bg6 61. Kf4 Bd3 62. Rc1 Ka6 63. Ke5 Ka5 64. Kd5 Kb4 65. Rc3 Bf1 66. Kc6 b5 67. cxb5 Bxb5+ 68. Kd5 Be8 69. Ke4 Bg6+ 70. Ke3 Bh7 71. Kd2 Bf5 72. Kc1 Bg6 73. Rg3 Bf5 74. Rg8 c4 75. Rb8+ Kc5 76. Kd2 Bg4 77. Kc3 Bh3 78. Rg8 Be6 79. Rg5+ Bd5 80. Rh5 Kc6 81. Kd4 Bf3 82. Rc5+ Kb6 83. Rxc4 Be2 84. Rc5 Bf3 85. Rg5 Bd1 86. Kc4 Be2+ 87. Kb4 Bd3 88. Rh5 Kc6 89. Rh6+ Kd5 90. Ka5 Kc4 91. b4 1-0

[Event "Val d'Or"]
[Site "Val d'Or CAN"]
[Date "2000.05.20"]
[Round "1"]
[White "Brousseau, Yvan"]
[Black "Leblanc, Donald"]
[Result "1-0"]
[WhiteElo "1734"]
[BlackElo "1507"]
[PlyCount "103"]
[GameId "2160767911711841"]
[EventDate "2000.05.20"]
[EventType "swiss"]
[EventRounds "4"]
[EventCountry "CAN"]
[SourceTitle "EXT 2005"]
[Source "ChessBase"]
[SourceDate "2004.11.15"]
[SourceVersion "1"]
[SourceVersionDate "2004.11.15"]
[SourceQuality "1"]

1. d4 Nf6 2. c4 g6 3. Nc3 Bg7 4. e4 O-O 5. Bd3 d6 6. Nge2 Nbd7 7. f4 e5 8. fxe5 dxe5 9. d5 Nc5 10. Bc2 Bg4 11. Be3 Ncd7 12. h3 Bxe2 13. Qxe2 Nh5 14. Qf2 Bf6 15. Ne2 Qe7 16. O-O b6 17. Rad1 Rad8 18. g4 Ng7 19. Nc3 Bh4 20. Qd2 Kh8 21. Nb5 a6 22. Nxc7 Qd6 23. Nxa6 Ra8 24. Qb4 Be7 25. Qb5 Ra7 26. a3 Rfa8 27. Nb4 Ne8 28. Nc6 Ra5 29. Nxa5 Rxa5 30. Qc6 Nc7 31. Rxf7 Nc5 32. Qxd6 Bxd6 33. b4 Rxa3 34. bxc5 bxc5 35. Kf2 Kg8 36. Rd7 Ra6 37. Ke2 Na8 38. Rb1 Kh8 39. Rxd6 Rxd6 40. Rb8+ Kg7 41. Rxa8 Rd7 42. Bxc5 Rc7 43. Ra7 Rxa7 44. Bxa7 Kh6 45. d6 Kg5 46. d7 Kh4 47. d8=Q+ Kxh3 48. Bf2 g5 49. Qxg5 h5 50. Qh4+ Kg2 51. Qg3+ Kh1 52. Qg1# 1-0

[Event "Val d'Or"]
[Site "Val d'Or CAN"]
[Date "2000.05.20"]
[Round "1"]
[White "Claude, Georges"]
[Black "Authier, Alain"]
[Result "0-1"]
[WhiteElo "1358"]
[BlackElo "1650"]
[PlyCount "52"]
[GameId "2160767911711842"]
[EventDate "2000.05.20"]
[EventType "swiss"]
[EventRounds "4"]
[EventCountry "CAN"]

1. Nf3 c5 2. g3 d5 3. Bg2 Nc6 4. O-O g6 5. d3 Bg7 6. Nbd2 e6 7. e4 Nge7 8. Re1 Qc7 9. c3 O-O 10. Qe2 dxe4 11. Nxe4 b6 12. Bf4 e5 13. Bg5 f6 14. Be3 Rd8 15. Rad1 Ba6 16. Qc2 Nf5 17. Qb3+ c4 18. Qa4 Nxe3 19. Rxe3 Nb8 20. d4 Bb7 21. Qc2 Nd7 22. d5 Nc5 23. d6 Qc6 24. Nxe5 Qb5 25. Nxf6+ Bxf6 26. Bxb7 Nxb7 0-1

[Event "Val d'Or"]
[Site "Val d'Or CAN"]
[Date "2000.05.20"]
[Round "1"]
[White "Joly, Pierre"]
[Black "Lecompte, Ricky"]
[Result "1-0"]
[WhiteElo "1578"]
[BlackElo "1285"]
[PlyCount "101"]
[GameId "2160767911711843"]
[EventDate "2000.05.20"]
[EventType "swiss"]
[EventRounds "4"]
[EventCountry "CAN"]
[SourceTitle "EXT 2005"]
[Source "ChessBase"]
[SourceDate "2004.11.15"]
[SourceVersion "1"]
[SourceVersionDate "2004.11.15"]
[SourceQuality "1"]

1. d4 d6 2. e4 g6 3. Be3 Bg7 4. Nc3 Nf6 5. f3 O-O 6. Qd2 Bh8 7. Rd1 Nbd7 8. Bh6 Re8 9. Bc4 e6 10. Bg5 Nb6 11. Bb3 Qd7 12. Nge2 Rb8 13. O-O c6 14. Ng3 e5 15. d5 c5 16. Qe2 a6 17. a4 Na8 18. Bc4 Nc7 19. b3 b5 20. axb5 axb5 21. Bd3 Ba6 22. Qd2 c4 23. bxc4 bxc4 24. Be2 Rb2 25. Rb1 Reb8 26. Rxb2 Rxb2 27. Qc1 Rb8 28. Qa1 Nfe8 29. Rb1 Ra8 30. Qb2 f6 31. Bd2 Ra7 32. Qa2 Ng7 33. Bxc4 Nb5 34. Bxb5 Bxb5 35. Qb3 Rb7 36. Nxb5 f5 37. Qc4 Ne8 38. Qc6 f4 39. Qxd7 Rxd7 40. Ne2 h5 41. h4 Bf6 42. Be1 g5 43. hxg5 Bxg5 44. Kf1 Rg7 45. Ng1 Bd8 46. Ra1 Nc7 47. Nxc7 Bxc7 48. Ra8+ Kh7 49. Bh4 Bb6 50. Nh3 Kg6 51. Ra6 1-0

[Event "Val d'Or"]
[Site "Val d'Or CAN"]
[Date "2000.05.20"]
[Round "1"]
[White "Langlais, Daniel"]
[Black "Lecomte, Andre"]
[Result "1/2-1/2"]
[WhiteElo "1528"]
[BlackElo "1890"]
[PlyCount "76"]
[GameId "2160767911711844"]
[EventDate "2000.05.20"]
[EventType "swiss"]
[EventRounds "4"]
[EventCountry "CAN"]
[SourceTitle "EXT 2005"]
[Source "ChessBase"]
[SourceDate "2004.11.15"]
[SourceVersion "1"]
[SourceVersionDate "2004.11.15"]
[SourceQuality "1"]

1. c4 f5 2. d4 Nf6 3. Nf3 e6 4. Nc3 Be7 5. Qc2 Nc6 6. a3 d5 7. c5 O-O 8. b4 a6 9. Bg5 Bd7 10. e3 Ne4 11. Bxe7 Nxe7 12. Ne5 Nxc3 13. Qxc3 f4 14. Bd3 fxe3 15. fxe3 Ba4 16. Nf3 Nf5 17. O-O c6 18. Rae1 Bb5 19. a4 Bxd3 20. Qxd3 Nh4 21. e4 Nxf3+ 22. Rxf3 Qh4 23. Rg3 Rf7 24. exd5 exd5 25. Qe3 Raf8 26. h3 Qf4 27. Rf3 Qxe3+ 28. Rexe3 Rxf3 29. Rxf3 Rxf3 30. gxf3 Kf7 31. Kg2 Kf6 32. Kg3 Kf5 33. h4 g5 34. h5 h6 35. a5 Kf6 36. Kg4 Ke6 37. f4 gxf4 38. Kxf4 Kf6 1/2-1/2

[Event "Val d'Or"]
[Site "Val d'Or CAN"]
[Date "2000.05.20"]
[Round "1"]
[White "Michaud, Luc"]
[Black "Tourangeau, Yvon"]
[Result "1-0"]
[WhiteElo "1651"]
[BlackElo "1365"]
[PlyCount "65"]
[GameId "2160767911711845"]
[EventDate "2000.05.20"]
[EventType "swiss"]
[EventRounds "4"]
[EventCountry "CAN"]
[SourceTitle "EXT 2005"]
[Source "ChessBase"]
[SourceDate "2004.11.15"]
[SourceVersion "1"]
[SourceVersionDate "2004.11.15"]
[SourceQuality "1"]

1. d4 d6 2. e4 g6 3. Be3 b6 4. Nf3 Bg7 5. c3 Bb7 6. Bd3 Nd7 7. Nbd2 c5 8. O-O Ngf6 9. h3 O-O 10. Rc1 Ne8 11. Re1 Nc7 12. Nf1 Re8 13. Qd2 cxd4 14. cxd4 Ne6 15. b4 d5 16. e5 Nb8 17. Rc2 Qd7 18. Rec1 Rc8 19. Rxc8+ Bxc8 20. Bb5 Qd8 21. Ba4 Bd7 22. Bb3 Bc6 23. a4 a6 24. Ng3 Nc7 25. Bh6 Bd7 26. Bxg7 Kxg7 27. Ng5 Be6 28. Qf4 Ne8 29. Qh4 h6 30. Nxe6+ fxe6 31. Qg4 Qd7 32. Bc2 g5 33. Qh5 1-0

[Event "Val d'Or"]
[Site "Val d'Or CAN"]
[Date "2000.05.20"]
[Round "1"]
[White "Royer, Pierre"]
[Black "Ferderber, Harold"]
[Result "0-1"]
[WhiteElo "1405"]
[BlackElo "1732"]
[PlyCount "71"]
[GameId "2160767911711846"]
[EventDate "2000.05.20"]
[EventType "swiss"]
[EventRounds "4"]
[EventCountry "CAN"]
[SourceTitle "EXT 2005"]
[Source "ChessBase"]
[SourceDate "2004.11.15"]
[SourceVersion "1"]
[SourceVersionDate "2004.11.15"]
[SourceQuality "1"]

1. d4 Nf6 2. c4 e6 3. Nf3 Bb4+ 4. Bd2 Bxd2+ 5. Nbxd2 b6 6. e3 Bb7 7. Bd3 Nc6 8. Rc1 h6 9. a3 Ne7 10. e4 Ng6 11. O-O Nf4 12. Bb1 g5 13. d5 Qe7 14. Re1 e5 15. Nf1 h5 16. Ng3 g4 17. Nf5 Qf8 18. Nxe5 Qg8 19. Nd3 Nh3+ 20. gxh3 gxh3+ 21. Ng3 h4 22. Qf3 hxg3 23. fxg3 Ng4 24. Rf1 Rh6 25. Qf4 Qg7 26. Nf2 Ne5 27. Nd3 Nxd3 28. Bxd3 O-O-O 29. e5 Re8 30. Qxf7 Qxe5 31. Qxe8+ Qxe8 32. Rce1 Qh8 33. Rf4 Kb8 34. Ref1 Qxb2 35. Rf8+ Bc8 36. Be4 0-1

[Event "Val d'Or"]
[Site "Val d'Or CAN"]
[Date "2000.05.20"]
[Round "2"]
[White "Authier, Alain"]
[Black "Brousseau, Yvan"]
[Result "1-0"]
[WhiteElo "1650"]
[BlackElo "1734"]
[PlyCount "113"]
[GameId "2160767911711847"]
[EventDate "2000.05.20"]
[EventType "swiss"]
[EventRounds "4"]
[EventCountry "CAN"]
[SourceTitle "EXT 2005"]
[Source "ChessBase"]
[SourceDate "2004.11.15"]
[SourceVersion "1"]
[SourceVersionDate "2004.11.15"]
[SourceQuality "1"]

1. e4 g6 2. d4 d6 3. c4 Bg7 4. Nc3 Nf6 5. f3 O-O 6. Be3 c6 7. Qd2 e5 8. d5 c5 9. g4 Ne8 10. h4 f6 11. h5 g5 12. h6 Bh8 13. Rh5 Kf7 14. Nce2 Rg8 15. Ng3 Qb6 16. a3 a5 17. Nh3 a4 18. Rc1 Ke7 19. Nf2 Nd7 20. Nf5+ Kd8 21. Rc2 Nf8 22. Nh3 Bxf5 23. exf5 e4 24. fxe4 Nd7 25. Nf2 Ne5 26. Be2 Nc7 27. Nd3 Nf7 28. Bf3 Re8 29. Kf1 Na6 30. Kg2 Nb8 31. Qf2 Nd7 32. Rh1 Kc7 33. Rb1 Nfe5 34. Be2 Re7 35. Nxe5 Nxe5 36. Rd2 Nf7 37. Bf3 Qa6 38. Bxc5 dxc5 39. Qxc5+ Kd8 40. Qb4 Qa5 41. c5 Ne5 42. Rc1 Qxb4 43. axb4 Rd7 44. Be2 Kc7 45. b5 b6 46. d6+ Kd8 47. c6 Rda7 48. c7+ Kd7 49. Bc4 Nxc4 50. Rxc4 Ra5 51. Rdc2 Rc8 52. Rb4 a3 53. bxa3 Rxa3 54. Rc6 Rd3 55. Rxb6 Ra8 56. Rb2 Rxd6 57. Rb8 1-0

[Event "Val d'Or"]
[Site "Val d'Or CAN"]
[Date "2000.05.20"]
[Round "2"]
[White "Ferderber, Harold"]
[Black "Michaud, Luc"]
[Result "1/2-1/2"]
[WhiteElo "1732"]
[BlackElo "1650"]
[PlyCount "172"]
[GameId "2160767911711848"]
[EventDate "2000.05.20"]
[EventType "swiss"]
[EventRounds "4"]
[EventCountry "CAN"]
[SourceTitle "EXT 2005"]
[Source "ChessBase"]
[SourceDate "2004.11.15"]
[SourceVersion "1"]
[SourceVersionDate "2004.11.15"]
[SourceQuality "1"]

1. Nf3 d5 2. d4 Bf5 3. Nh4 e6 4. Nxf5 exf5 5. Qd3 Qd7 6. Nd2 Bd6 7. c4 c6 8. cxd5 cxd5 9. g3 Nc6 10. a3 Nf6 11. Bh3 g6 12. Nf3 Ne4 13. Ng5 Qe7 14. Nf3 f6 15. O-O O-O 16. Ne1 Qe6 17. Bg2 Bc7 18. Nc2 Rac8 19. Ne3 Ne7 20. Bd2 Nxd2 21. Qxd2 f4 22. Nc2 fxg3 23. hxg3 Bd6 24. Ne3 b6 25. f4 f5 26. b4 Kg7 27. Nd1 Rc7 28. Rc1 Rxc1 29. Qxc1 Rc8 30. Qd2 Bb8 31. Nf2 Rc4 32. Re1 Qc6 33. Nd3 Rc3 34. b5 Qc4 35. Qe3 Kf6 36. Qf2 Qxb5 37. g4 Qd7 38. g5+ Kg7 39. Ne5 Qa4 40. e3 Rxa3 41. Qh4 Bxe5 42. fxe5 Qc2 43. Qf4 Ra2 44. Bf1 Qe4 45. Qg3 Qg4 46. Qxg4 fxg4 47. Be2 g3 48. Bb5 Rc2 49. Rf1 Nf5 50. Bd3 Rc3 51. Bxf5 gxf5 52. Rxf5 Rxe3 53. Rf6 a5 54. Rxb6 a4 55. e6 Kf8 56. Ra6 a3 57. Kg2 Ke7 58. Ra7+ Kxe6 59. Rxh7 a2 60. Ra7 Kf5 61. Rxa2 Kxg5 62. Rd2 Kf4 63. Rd1 Re2+ 64. Kg1 Kf3 65. Rd3+ Re3 66. Rd2 Ke4 67. Rd1 Rd3 68. Re1+ Kxd4 69. Kg2 Kc3 70. Ra1 d4 71. Ra3+ Kc2 72. Ra4 Kd2 73. Ra2+ Ke1 74. Ra4 Ke2 75. Rb4 Kd2 76. Rc4 Ke3 77. Kxg3 Rc3 78. Ra4 d3 79. Rf4 d2 80. Rf3+ Ke2 81. Rxc3 d1=Q 82. Rc8 Qd3+ 83. Kf4 Qf3+ 84. Kg5 Qg3+ 85. Kf6 Qd6+ 86. Kg5 Qe7+ 1/2-1/2

[Event "Val d'Or"]
[Site "Val d'Or CAN"]
[Date "2000.05.20"]
[Round "2"]
[White "Leblanc, Donald"]
[Black "Langlais, Daniel"]
[Result "1-0"]
[WhiteElo "1507"]
[BlackElo "1528"]
[PlyCount "117"]
[GameId "2160767911711849"]
[EventDate "2000.05.20"]
[EventType "swiss"]
[EventRounds "4"]
[EventCountry "CAN"]
[SourceTitle "EXT 2005"]
[Source "ChessBase"]
[SourceDate "2004.11.15"]
[SourceVersion "1"]
[SourceVersionDate "2004.11.15"]
[SourceQuality "1"]

1. e4 c5 2. Nf3 Nc6 3. d4 cxd4 4. Nxd4 e6 5. Be3 a6 6. Be2 Nf6 7. f3 Bb4+ 8. c3 Ba5 9. O-O O-O 10. Kh1 Bc7 11. Qc2 Nh5 12. f4 Qh4 13. Bxh5 Qxh5 14. Rf3 f5 15. Rh3 Qf7 16. e5 Ne7 17. Nd2 d6 18. exd6 Bxd6 19. Nc4 Bc7 20. Nf3 h6 21. Nce5 Qe8 22. Rd1 Nc6 23. Qf2 Nxe5 24. Nxe5 Rf6 25. Bb6 Bxb6 26. Qxb6 Qb5 27. Rd8+ Kh7 28. Qxb5 axb5 29. a3 b6 30. Nd7 Rf7 31. Nxb6 Rb8 32. Nxc8 Rc7 33. Rhd3 Rbxc8 34. Rxc8 Rxc8 35. Rd6 Rc4 36. Rxe6 Rxf4 37. h3 Re4 38. Rxe4 fxe4 39. Kg1 Kg6 40. Kf2 Kf5 41. Ke3 Ke5 42. b3 g5 43. a4 bxa4 44. bxa4 Kd5 45. a5 Kc6 46. c4 Kc5 47. Kxe4 Kc6 48. Kf5 Kc7 49. Kg6 g4 50. hxg4 Kb7 51. Kxh6 Ka7 52. g5 Ka6 53. g6 Ka7 54. g7 Ka6 55. g8=Q Ka7 56. Qe6 Ka8 57. Qc6+ Ka7 58. a6 Kb8 59. Qb7# 1-0

[Event "Val d'Or"]
[Site "Val d'Or CAN"]
[Date "2000.05.20"]
[Round "2"]
[White "Lecompte, Ricky"]
[Black "Royer, Pierre"]
[Result "0-1"]
[WhiteElo "1285"]
[BlackElo "1405"]
[PlyCount "40"]
[GameId "2160767911711850"]
[EventDate "2000.05.20"]
[EventType "swiss"]
[EventRounds "4"]
[EventCountry "CAN"]
[SourceTitle "EXT 2005"]
[Source "ChessBase"]
[SourceDate "2004.11.15"]
[SourceVersion "1"]
[SourceVersionDate "2004.11.15"]
[SourceQuality "1"]

1. c4 e5 2. g3 Nf6 3. Bg2 Nc6 4. e4 Bc5 5. Nc3 d6 6. a3 Ng4 7. Qc2 Nxf2 8. b4 Bd4 9. Nf3 Nxh1 10. Bxh1 O-O 11. Bb2 Bg4 12. O-O-O a6 13. d3 Be3+ 14. Kb1 Nd4 15. Qa4 Bxf3 16. Bxf3 Nxf3 17. Nd5 Bd4 18. Bxd4 Nxd4 19. Ka2 c6 20. Ne3 b5 0-1

[Event "Val d'Or"]
[Site "Val d'Or CAN"]
[Date "2000.05.20"]
[Round "2"]
[White "Lecomte, Andre"]
[Black "Joly, Pierre"]
[Result "1-0"]
[WhiteElo "1890"]
[BlackElo "1578"]
[PlyCount "101"]
[GameId "2160767911711851"]
[EventDate "2000.05.20"]
[EventType "swiss"]
[EventRounds "4"]
[EventCountry "CAN"]
[SourceTitle "EXT 2005"]
[Source "ChessBase"]
[SourceDate "2004.11.15"]
[SourceVersion "1"]
[SourceVersionDate "2004.11.15"]
[SourceQuality "1"]

1. e4 c5 2. Nf3 Nc6 3. d4 cxd4 4. Nxd4 e5 5. Nb5 d6 6. c4 a6 7. N5c3 Nf6 8. Be2 Be7 9. O-O O-O 10. Be3 Be6 11. f3 Nh5 12. Qd2 Nf4 13. Nd5 Bxd5 14. cxd5 Nxe2+ 15. Qxe2 Nb8 16. Nd2 Nd7 17. Rac1 Qb8 18. Rc2 Rc8 19. Rfc1 Rxc2 20. Rxc2 Qd8 21. b4 Rc8 22. Rxc8 Qxc8 23. Qc4 Qxc4 24. Nxc4 b5 25. Na5 Kf8 26. Nc6 f6 27. Kf2 Ke8 28. Ke2 Bd8 29. Kd3 Bc7 30. Ba7 g6 31. g4 h6 32. Be3 g5 33. Kc3 Nb8 34. Na7 Kd7 35. Kb3 Bd8 36. a4 bxa4+ 37. Kxa4 Bc7 38. b5 axb5+ 39. Kxb5 Ke8 40. Bb6 Bxb6 41. Kxb6 Nd7+ 42. Kc6 Nc5 43. Kxd6 Nd3 44. Kc7 Nf4 45. d6 Ne6+ 46. Kc8 Nc5 47. Nb5 Kf7 48. d7 Nxd7 49. Kxd7 Kg6 50. Ke6 h5 51. h3 1-0

[Event "Val d'Or"]
[Site "Val d'Or CAN"]
[Date "2000.05.20"]
[Round "2"]
[White "Tourangeau, Yvon"]
[Black "Claude, Georges"]
[Result "1-0"]
[WhiteElo "1365"]
[BlackElo "1358"]
[PlyCount "106"]
[GameId "2160767911711852"]
[EventDate "2000.05.20"]
[EventType "swiss"]
[EventRounds "4"]
[EventCountry "CAN"]
[SourceTitle "EXT 2005"]
[Source "ChessBase"]
[SourceDate "2004.11.15"]
[SourceVersion "1"]
[SourceVersionDate "2004.11.15"]
[SourceQuality "1"]

1. d4 Nf6 2. c4 g6 3. Nf3 Bg7 4. Nc3 O-O 5. e4 d6 6. Bd3 Nbd7 7. Be3 e5 8. Qc2 Ng4 9. Qe2 Nxe3 10. Qxe3 exd4 11. Nxd4 Qf6 12. Nde2 Re8 13. O-O Ne5 14. f3 Be6 15. b3 c6 16. Rad1 Qd8 17. Na4 c5 18. Bc2 b6 19. Nac3 f5 20. Nb5 Bf8 21. Nbc3 a6 22. Nf4 Bh6 23. g3 Ra7 24. Qe2 Bxf4 25. gxf4 Nxc4 26. bxc4 d5 27. cxd5 Bd7 28. Qg2 Qh4 29. Qg5 Qh3 30. e5 Bc8 31. d6 Be6 32. Nd5 Bxd5 33. Rxd5 Rd7 34. Rf2 b5 35. Rxc5 Rxd6 36. Bb3+ Kh8 37. Rd5 Rc6 38. Rc2 Qxf3 39. Rxc6 Qe3+ 40. Kg2 Qe2+ 41. Kh3 Qf3+ 42. Qg3 Qh5+ 43. Kg2 Qe2+ 44. Qf2 Qe4+ 45. Kf1 Qh1+ 46. Ke2 Qe4+ 47. Qe3 Qg2+ 48. Kd3 Qf1+ 49. Kd4 Qa1+ 50. Kc5 Qf1 51. e6 Kg7 52. Rd7+ Kh6 53. e7 Qa1 1-0

[Event "Val d'Or"]
[Site "Val d'Or CAN"]
[Date "2000.05.21"]
[Round "3"]
[White "Authier, Alain"]
[Black "Lecomte, Andre"]
[Result "0-1"]
[WhiteElo "1651"]
[BlackElo "1890"]
[PlyCount "155"]
[GameId "2160767911711853"]
[EventDate "2000.05.20"]
[EventType "swiss"]
[EventRounds "4"]
[EventCountry "CAN"]
[SourceTitle "EXT 2005"]
[Source "ChessBase"]
[SourceDate "2004.11.15"]
[SourceVersion "1"]
[SourceVersionDate "2004.11.15"]
[SourceQuality "1"]

1. e4 c5 2. Nc3 Nc6 3. f4 e6 4. Nf3 d5 5. e5 Nge7 6. d4 Nf5 7. Bb5 Bd7 8. Ne2 Qa5+ 9. Nc3 Nfxd4 10. Bxc6 Nxf3+ 11. Qxf3 Bxc6 12. Bd2 Qa6 13. Qg3 O-O-O 14. a3 d4 15. Na2 Be4 16. Rc1 Kb8 17. c4 Qc6 18. O-O Be7 19. b4 b6 20. b5 Qb7 21. Rf2 h5 22. a4 h4 23. Qa3 h3 24. g3 f6 25. Re1 f5 26. Ra1 Kc7 27. a5 Rhg8 28. Nc1 d3 29. Rb1 g5 30. Rb2 gxf4 31. Bxf4 Rd7 32. a6 Qa8 33. Rbd2 Qd8 34. Nb3 Kb8 35. Qc1 Bg5 36. Qe1 Bxf4 37. Rxf4 Qc7 38. Rxe4 fxe4 39. Qxe4 Rf8 40. Rd1 Rf5 41. Rxd3 Rxd3 42. Qxd3 Rxe5 43. Qf1 Qd8 44. Qf3 Qd7 45. g4 Re1+ 46. Kf2 Rb1 47. Qf8+ Kc7 48. Qf4+ Kd8 49. Qf8+ Qe8 50. Qf3 Ke7 51. Qxh3 Qf7+ 52. Ke2 Rb2+ 53. Kd1 Qf2 54. Qh7+ Kd6 55. Qd3+ Ke5 56. Nd2 Qg1+ 57. Nf1 Qd4 58. Qxd4+ cxd4 59. Nd2 Kf4 60. Kc1 Ra2 61. Nb3 e5 62. c5 bxc5 63. Nxc5 Rxh2 64. Nd3+ Ke4 65. Nb4 d3 66. b6 axb6 67. a7 Rh8 68. g5 Kf5 69. Nxd3 Ra8 70. g6 Rxa7 71. Nb4 Rg7 72. Nc6 Rxg6 73. Ne7+ Kf6 74. Nxg6 Kxg6 75. Kd2 Kf5 76. Kd3 b5 77. Ke2 Kf4 78. Kd3 0-1

[Event "Val d'Or"]
[Site "Val d'Or CAN"]
[Date "2000.05.21"]
[Round "3"]
[White "Brousseau, Yvan"]
[Black "Ferderber, Harold"]
[Result "1-0"]
[WhiteElo "1734"]
[BlackElo "1732"]
[PlyCount "71"]
[GameId "2160767911711854"]
[EventDate "2000.05.20"]
[EventType "swiss"]
[EventRounds "4"]
[EventCountry "CAN"]
[SourceTitle "EXT 2005"]
[Source "ChessBase"]
[SourceDate "2004.11.15"]
[SourceVersion "1"]
[SourceVersionDate "2004.11.15"]
[SourceQuality "1"]

1. d4 Nf6 2. c4 e6 3. Nc3 Bb4 4. a3 Bxc3+ 5. bxc3 d5 6. e3 O-O 7. Bd3 Re8 8. cxd5 exd5 9. Ne2 Bg4 10. O-O Nc6 11. c4 dxc4 12. Bxc4 Qe7 13. f3 Bh5 14. Nf4 Rad8 15. Rb1 b6 16. Bb5 Na5 17. Bxe8 Rxe8 18. Nxh5 Nxh5 19. Rb5 g6 20. Re5 Qd7 21. Rxe8+ Qxe8 22. Qd3 Qd7 23. Qc3 Nf6 24. e4 Ne8 25. Bf4 Nc6 26. d5 Ne7 27. Rc1 Qa4 28. Qb4 Qd7 29. Qc4 g5 30. Bxc7 Ng6 31. Bg3 h5 32. h3 Kh7 33. Qc6 Qe7 34. d6 Qf6 35. d7 Qd4+ 36. Bf2 1-0

[Event "Val d'Or"]
[Site "Val d'Or CAN"]
[Date "2000.05.21"]
[Round "3"]
[White "Claude, Georges"]
[Black "Lecompte, Ricky"]
[Result "1-0"]
[WhiteElo "1358"]
[BlackElo "1285"]
[PlyCount "100"]
[GameId "2160767911711855"]
[EventDate "2000.05.20"]
[EventType "swiss"]
[EventRounds "4"]
[EventCountry "CAN"]
[SourceTitle "EXT 2005"]
[Source "ChessBase"]
[SourceDate "2004.11.15"]
[SourceVersion "1"]
[SourceVersionDate "2004.11.15"]
[SourceQuality "1"]

1. Nf3 d5 2. g3 Nf6 3. Bg2 Nc6 4. O-O e5 5. d3 Be7 6. Nbd2 O-O 7. e4 d4 8. Nc4 Nd7 9. a4 a5 10. h4 f6 11. Nh2 b6 12. Qg4 Nc5 13. Qe2 Be6 14. b3 Qd7 15. f4 exf4 16. Bxf4 f5 17. e5 Bd5 18. Nf3 Rf7 19. Ng5 Bxg5 20. hxg5 g6 21. Rae1 Re8 22. Bh3 Be6 23. Qh2 Nb4 24. Re2 Qc6 25. Bg2 Bd5 26. e6 Nxe6 27. Ne5 Nxf4 28. Nxc6 Nxe2+ 29. Kf2 f4 30. g4 Bxg2 31. Qxg2 Nxc2 32. Qd5 Kf8 33. Rh1 Ne3 34. Qf3 Ng3 35. Rc1 Nef1 36. Rxf1 Nxf1 37. Kxf1 Re3 38. Qd5 Rxd3 39. Nxd4 f3 40. Ne6+ Ke7 41. Qxd3 Kxe6 42. Kf2 Ke5 43. Qc3+ Kf4 44. Qc4+ Kxg5 45. Qxf7 Kxg4 46. Qxc7 h5 47. Qxb6 h4 48. Qxg6+ Kh3 49. Qf5+ Kh2 50. Qxf3 h3 1-0